The escape / (Record no. 9076)

MARC details
000 -LEADER
fixed length control field 01429pam a2200337 a 4500
001 - CONTROL NUMBER
control field 1670758
003 - CONTROL NUMBER IDENTIFIER
control field GBCCL
005 - DATE AND TIME OF LATEST TRANSACTION
control field 20241126110704.0
008 - FIXED-LENGTH DATA ELEMENTS--GENERAL INFORMATION
fixed length control field 980514s1998 mnu c 000 1 eng
010 ## -
-- 98025554
020 ## - INTERNATIONAL STANDARD BOOK NUMBER
International Standard Book Number 1561796395
040 ## - CATALOGING SOURCE
Original cataloging agency DLC
Transcribing agency DLC
Modifying agency DLC
042 ## -
-- lcac
050 00 -
-- PZ7.R88515
-- Es 1998
082 00 - DEWEY DECIMAL CLASSIFICATION NUMBER
Classification number 813.54
Edition information 21
Item number RUE
100 1# - MAIN ENTRY--PERSONAL NAME
Personal name Rue, Nancy N.
9 (RLIN) 7618
245 14 - TITLE STATEMENT
Title The escape /
Statement of responsibility, etc. Nancy Rue.
260 ## - PUBLICATION, DISTRIBUTION, ETC.
Place of publication, distribution, etc. Minneapolis, Minn. :
Name of publisher, distributor, etc. Bethany House Publishers,
Date of publication, distribution, etc. c1998.
300 ## - PHYSICAL DESCRIPTION
Extent 181 p. ;
Dimensions 19 cm.
490 1# - SERIES STATEMENT
Series statement The Christian heritage series, the Charleston years ;
Volume/sequential designation bk. 6 [i.e.] 18
520 ## - SUMMARY, ETC.
Summary, etc. As fighting erupts between the North and the South, eleven-year-old Austin helps his slave friend gain freedom before making his own escape from Charleston, South Carolina.
650 #1 - SUBJECT ADDED ENTRY--TOPICAL TERM
Topical term or geographic name entry element Escapes
General subdivision Fiction.
9 (RLIN) 15834
650 #1 - SUBJECT ADDED ENTRY--TOPICAL TERM
Topical term or geographic name entry element Slavery
General subdivision Fiction.
9 (RLIN) 15835
650 #1 - SUBJECT ADDED ENTRY--TOPICAL TERM
Topical term or geographic name entry element Christian life
General subdivision Fiction.
9 (RLIN) 3833
651 #1 - SUBJECT ADDED ENTRY--GEOGRAPHIC NAME
Geographic name Charleston (S.C.)
General subdivision History
Chronological subdivision 1775-1865
General subdivision Fiction.
9 (RLIN) 15836
800 1# -
-- Rue, Nancy N.
-- Christian heritage series.
-- Charleston years ;
-- bk. 18.
-- 12992
906 ## - LOCAL DATA ELEMENT F, LDF (RLIN)
a 7
b cbc
c orignew
d 1
e ocip
f 19
g y-gencatlg
942 ## - ADDED ENTRY ELEMENTS (KOHA)
Source of classification or shelving scheme Dewey Decimal Classification
Koha item type Books
Holdings
Withdrawn status Lost status Source of classification or shelving scheme Damaged status Not for loan Home library Current Library Shelving location Date acquired Total checkouts Full call number Barcode Date last seen Copy number Price effective from Koha item type
    Dewey Decimal Classification     GRACE BIBLE COLLEGE GRACE BIBLE COLLEGE General Studies 2022-04-04   813.54 RUE 005581 2025-05-01 c.1 2022-04-04 Books
© Grace Bible College Library 2025